[Event "Rapid"]
[Site "Estonia Resort Hotel & Spa conference center, Pärnu, EE"]
[Date "2025.08.17"]
[Round "7"]
[White "Chibukhchian, Artur"]
[Black "Pidluznij, Gleb"]
[Result "0-1"]
[Board "9"]
[WhiteFideId "13300717"]
[BlackFideId "12817082"]
[WhiteTitle "GM"]
[BlackTitle "FM"]
[WhiteElo "2361"]
[BlackElo "2317"]
[WhiteTeam "ARM"]
[BlackTeam "LTU"]
[WhiteClock "0:00:11"]
[BlackClock "0:00:14"]
[Variant "Standard"]

1. e4 {[%clk 0:14:57]}  e5 {[%clk 0:15:05]} 2. Nf3 {[%clk 0:14:58]}  Nc6 {[%clk 0:15:06]} 3. Bb5 {[%clk 0:14:59]}  a6 {[%clk 0:15:07]} 4. Ba4 {[%clk 0:14:59]}  d6 {[%clk 0:14:56]} 5. O-O {[%clk 0:14:42]}  Bg4 {[%clk 0:14:57]} 6. h3 {[%clk 0:12:56]}  h5 {[%clk 0:14:58]} 7. d4 {[%clk 0:10:22]}  b5 {[%clk 0:14:58]} 8. Bb3 {[%clk 0:10:24]}  Nxd4 {[%clk 0:14:58]} 9. hxg4 {[%clk 0:10:17]}  Nxb3 {[%clk 0:14:58]} 10. axb3 {[%clk 0:10:04]}  hxg4 {[%clk 0:14:59]} 11. Ng5 {[%clk 0:09:53]}  Qd7 {[%clk 0:15:01]} 12. f4 {[%clk 0:09:19]}  c6 {[%clk 0:14:31]} 13. Be3 {[%clk 0:08:11]}  exf4 {[%clk 0:13:41]} 14. Rxf4 {[%clk 0:08:06]}  f6 {[%clk 0:13:19]} 15. Qxg4 {[%clk 0:06:00]}  Qxg4 {[%clk 0:13:19]} 16. Rxg4 {[%clk 0:06:02]}  Nh6 {[%clk 0:10:41]} 17. Rh4 {[%clk 0:06:04]}  fxg5 {[%clk 0:10:42]} 18. Bxg5 {[%clk 0:06:05]}  Be7 {[%clk 0:10:25]} 19. Bxe7 {[%clk 0:06:06]}  Kxe7 {[%clk 0:10:27]} 20. Nd2 {[%clk 0:06:09]}  Nf7 {[%clk 0:09:39]} 21. Rg4 {[%clk 0:05:37]}  g5 {[%clk 0:09:36]} 22. Nf3 {[%clk 0:05:36]}  Rhg8 {[%clk 0:08:51]} 23. Kf2 {[%clk 0:05:09]}  a5 {[%clk 0:07:46]} 24. Ke3 {[%clk 0:04:58]}  Ne5 {[%clk 0:06:52]} 25. Nxe5 {[%clk 0:04:01]}  dxe5 {[%clk 0:06:53]} 26. Rf1 {[%clk 0:03:46]}  Raf8 {[%clk 0:06:43]} 27. Ra1 {[%clk 0:02:57]}  Rf4 {[%clk 0:03:12]} 28. Rg3 {[%clk 0:02:59]}  g4 {[%clk 0:03:06]} 29. Rxa5 {[%clk 0:02:59]}  Rd8 {[%clk 0:03:00]} 30. Ra7+ {[%clk 0:02:25]}  Kf6 {[%clk 0:01:31]} 31. Rc7 {[%clk 0:01:26]}  Rd6 {[%clk 0:01:05]} 32. c3 {[%clk 0:01:09]}  Kg5 {[%clk 0:00:56]} 33. Ke2 {[%clk 0:00:26]}  Rdf6 {[%clk 0:00:34]} 34. Re7 {[%clk 0:00:17]}  Rf2+ {[%clk 0:00:31]} 35. Ke1 {[%clk 0:00:05]}  Rf1+ {[%clk 0:00:22]} 36. Ke2 {[%clk 0:00:05]}  R6f2+ {[%clk 0:00:21]} 37. Ke3 {[%clk 0:00:07]}  Kh4 {[%clk 0:00:19]} 38. Rxg4+ {[%clk 0:00:08]}  Kxg4 {[%clk 0:00:22]} 39. Rxe5 {[%clk 0:00:09]}  Rxb2 {[%clk 0:00:21]} 40. b4 {[%clk 0:00:08]}  Rd1 {[%clk 0:00:14]} 41. Rc5 {[%clk 0:00:07]}  Rxg2 {[%clk 0:00:15]} 42. Rxc6 {[%clk 0:00:07]}  Rg3+ {[%clk 0:00:12]} 43. Ke2 {[%clk 0:00:08]}  Rdd3 {[%clk 0:00:12]} 44. Rc5 {[%clk 0:00:07]}  Rxc3 {[%clk 0:00:10]} 45. Rxb5 {[%clk 0:00:08]}  Rc2+ {[%clk 0:00:12]} 46. Kd1 {[%clk 0:00:11]}  Ra2 {[%clk 0:00:14]} 0-1

[Event "Rapid"]
[Site "Estonia Resort Hotel & Spa conference center, Pärnu, EE"]
[Date "2025.08.17"]
[Round "7"]
[White "Rychagov, Nikita"]
[Black "Protassov, Vlad"]
[Result "1/2-1/2"]
[Board "10"]
[WhiteFideId "4508394"]
[BlackFideId "4507010"]
[WhiteTitle "CM"]
[WhiteElo "2361"]
[BlackElo "2032"]
[WhiteTeam "EST"]
[BlackTeam "EST"]
[WhiteClock "0:01:15"]
[BlackClock "0:00:03"]
[Variant "Standard"]

1. e4 {[%clk 0:15:05]}  d6 {[%clk 0:15:05]} 2. d4 {[%clk 0:15:07]}  Nf6 {[%clk 0:15:06]} 3. Nc3 {[%clk 0:15:09]}  g6 {[%clk 0:15:08]} 4. f4 {[%clk 0:15:11]}  Bg7 {[%clk 0:15:09]} 5. Nf3 {[%clk 0:15:13]}  c5 {[%clk 0:14:55]} 6. dxc5 {[%clk 0:15:13]}  Qa5 {[%clk 0:14:52]} 7. Qd3 {[%clk 0:15:15]}  Qxc5 {[%clk 0:14:42]} 8. Be3 {[%clk 0:15:16]}  Qa5 {[%clk 0:13:51]} 9. Qb5+ {[%clk 0:15:18]}  Qxb5 {[%clk 0:12:19]} 10. Bxb5+ {[%clk 0:15:18]}  Bd7 {[%clk 0:08:42]} 11. Bxd7+ {[%clk 0:15:13]}  Nbxd7 {[%clk 0:08:42]} 12. h3 {[%clk 0:14:39]}  O-O {[%clk 0:08:01]} 13. O-O-O {[%clk 0:12:54]}  Rfd8 {[%clk 0:06:57]} 14. g4 {[%clk 0:12:27]}  Nc5 {[%clk 0:05:24]} 15. Bxc5 {[%clk 0:12:18]}  dxc5 {[%clk 0:05:25]} 16. e5 {[%clk 0:12:18]}  Ne8 {[%clk 0:05:09]} 17. Ne4 {[%clk 0:10:11]}  b6 {[%clk 0:05:08]} 18. h4 {[%clk 0:09:43]}  Bh6 {[%clk 0:03:56]} 19. g5 {[%clk 0:09:00]}  Bg7 {[%clk 0:03:38]} 20. h5 {[%clk 0:08:30]}  Nc7 {[%clk 0:03:27]} 21. h6 {[%clk 0:08:28]}  Bh8 {[%clk 0:02:24]} 22. Ng3 {[%clk 0:05:17]}  Ne6 {[%clk 0:01:15]} 23. f5 {[%clk 0:05:07]}  gxf5 {[%clk 0:00:56]} 24. Nxf5 {[%clk 0:05:09]}  Kf8 {[%clk 0:00:58]} 25. c3 {[%clk 0:04:44]}  Rxd1+ {[%clk 0:00:35]} 26. Rxd1 {[%clk 0:04:46]}  Rd8 {[%clk 0:00:37]} 27. Rxd8+ {[%clk 0:04:41]}  Nxd8 {[%clk 0:00:39]} 28. Ne3 {[%clk 0:04:13]}  f6 {[%clk 0:00:34]} 29. Kc2 {[%clk 0:03:04]}  fxe5 {[%clk 0:00:20]} 30. Kd3 {[%clk 0:03:06]}  Kf7 {[%clk 0:00:05]} 31. Ke4 {[%clk 0:03:02]}  Kg6 {[%clk 0:00:04]} 32. Nd5 {[%clk 0:01:15]}  Nf7 {[%clk 0:00:03]} 33. Nxe7+ {[%clk 0:01:15]} 1/2-1/2

[Event "Rapid"]
[Site "Estonia Resort Hotel & Spa conference center, Pärnu, EE"]
[Date "2025.08.17"]
[Round "7"]
[White "Olde, Grete"]
[Black "Jakubowski, Krzysztof"]
[Result "0-1"]
[Board "11"]
[WhiteFideId "4503104"]
[BlackFideId "1112848"]
[WhiteTitle "WCM"]
[BlackTitle "GM"]
[WhiteElo "2073"]
[BlackElo "2339"]
[WhiteTeam "EST"]
[BlackTeam "POL"]
[WhiteClock "0:09:03"]
[BlackClock "0:08:48"]
[Variant "Standard"]

1. e4 {[%clk 0:15:05]}  g6 {[%clk 0:15:04]} 2. d4 {[%clk 0:15:04]}  Bg7 {[%clk 0:15:06]} 3. Be3 {[%clk 0:15:04]}  c6 {[%clk 0:14:10]} 4. Nc3 {[%clk 0:14:58]}  d5 {[%clk 0:14:11]} 5. Qd2 {[%clk 0:14:34]}  Qa5 {[%clk 0:13:10]} 6. f3 {[%clk 0:13:38]}  Nd7 {[%clk 0:12:30]} 7. Bf4 {[%clk 0:12:30]}  dxe4 {[%clk 0:10:23]} 8. fxe4 {[%clk 0:12:22]}  e5 {[%clk 0:10:16]} 9. dxe5 {[%clk 0:11:52]}  Nxe5 {[%clk 0:10:13]} 10. O-O-O {[%clk 0:11:27]}  Be6 {[%clk 0:09:08]} 11. Nge2 {[%clk 0:09:46]}  Nc4 {[%clk 0:08:51]} 12. Qd3 {[%clk 0:09:03]}  Qb4 {[%clk 0:08:48]} 0-1